000 00718cam a22002175a 4500
001 L157155
002 19300
008 270912s2012 xxk af 001 0 eng d
020 _a9780470659106
035 _a(Sirsi) u157155
041 0 _aeng
050 0 4 _a690.25 $2 18
100 1 _aHolland, Malcolm
245 0 0 _aPractical guide to diagnosing structural movement in buildings
260 _aChichester
_bJohn Wiley & Sons
_c2012
300 _axv, 220p.
_bill.
_c22cm.
520 _aSets out a methodology for diagnosing the causes of cracks in buildings, and looks at ways of stopping further movement and repairing damage.
651 4 _aUnited Kingdom
_y
690 _aBuilding materials and defects
942 _n0
999 _c114632
_d114632